|
|
|
|
| LEADER |
00000nam0a2200000 4500 |
| 001 |
279711 |
| 005 |
20231101235233.0 |
| 020 |
|
|
|a RU
|b 86-42166
|
| 035 |
|
|
|a (RuTPU)RU\TPU\book\303016
|
| 090 |
|
|
|a 279711
|
| 100 |
|
|
|a 20141223d1986 km y0rusy5003 ca
|
| 101 |
1 |
|
|a rus
|c eng
|
| 102 |
|
|
|a RU
|
| 105 |
|
|
|a y z 001zy
|
| 200 |
1 |
|
|a Общая топология
|e пер. с англ.
|f Р. Энгелькинг
|
| 210 |
|
|
|a Москва
|c Мир
|d 1986
|
| 215 |
|
|
|a 752 с.
|
| 320 |
|
|
|a Библиогр.: с. 684-727
|
| 320 |
|
|
|a Указ. обозначений, имен. и предм.: с. 728-744
|
| 606 |
1 |
|
|a Топология общая
|2 stltpush
|3 (RuTPU)RU\TPU\subj\61004
|9 78217
|
| 610 |
1 |
|
|a топологические пространства
|
| 610 |
1 |
|
|a операции
|
| 610 |
1 |
|
|a компактные пространства
|
| 610 |
1 |
|
|a метрические пространства
|
| 610 |
1 |
|
|a паракомпактные пространства
|
| 610 |
1 |
|
|a связные пространства
|
| 610 |
1 |
|
|a размерность
|
| 675 |
|
|
|a 515.12
|v 4
|
| 700 |
|
1 |
|a Энгелькинг
|b Р.
|g Рышард
|
| 801 |
|
0 |
|a RU
|b RuMRKP
|c 19950704
|g psbo
|
| 801 |
|
1 |
|a RU
|b 63413507
|c 20141223
|
| 801 |
|
2 |
|a RU
|b 63413507
|c 20170419
|g RCR
|
| 942 |
|
|
|c BK
|